000 00546nam a22001817a 4500
005 20240920135858.0
008 240918b |||||||| |||| 00| 0 eng d
020 _a978-93-88280-72-3
041 _aeng
082 _a615.19
100 _aPHILIP, DR. SUBASH & R, DR. MANASA DEEPA AND BHUJBAL, NIKHIL SURESH
_98532
245 _aPHYSICAL PHARMACEUTICS - II [ B,PHARMA. 4TH SEMESTER ]
250 _a2ND RE-PRINT ED. 2023
260 _aLUCKNOW
_bTHAKUR PUBLICATION PVT. LTD.
300 _a160;P
650 _aPHARMACY
_xB.PHARMA
942 _cBK
999 _c8661
_d8659